Loading...
| Literature - European | 0 | 6 | 0 | 0 | 60 | 51 | 77.67 | 0 | 4 | 0.00 | 0.00 |
| Fine Arts - Classical Music | 0 | 6 | 1 | 1 | 55 | 38 | 75.67 | 3 | 4 | 0.00 | 0.00 |
| Philosophy | 0 | 5 | 0 | 0 | 50 | 48 | 68.40 | 2 | 5 | 0.00 | 0.00 |
| Literature - American | 0 | 4 | 0 | 0 | 40 | 24 | 64.75 | 0 | 4 | 0.00 | 0.00 |
| Literature - British | 0 | 4 | 1 | 1 | 35 | 61 | 99.00 | 1 | 3 | 0.00 | 0.00 |
| Mythology | 0 | 3 | 0 | 0 | 30 | 16 | 53.00 | 1 | 2 | 0.00 | 0.00 |
| Fine Arts - Visual | 0 | 3 | 0 | 0 | 30 | 53 | 79.33 | 0 | 2 | 0.00 | 0.00 |
| Science - Chemistry | 0 | 3 | 0 | 1 | 30 | 64 | 79.33 | 1 | 2 | 0.00 | 0.00 |
| Science - Physics | 0 | 3 | 0 | 0 | 30 | 63 | 65.67 | 0 | 2 | 0.00 | 0.00 |
| Religion | 0 | 3 | 1 | 0 | 25 | 91 | 95.00 | 1 | 3 | 0.00 | 0.00 |
| History - World | 0 | 2 | 0 | 0 | 20 | 35 | 61.00 | 1 | 2 | 0.00 | 0.00 |
| Science - Other | 0 | 2 | 0 | 0 | 20 | 45 | 59.00 | 1 | 1 | 0.00 | 0.00 |
| Social Science | 0 | 2 | 1 | 0 | 15 | 49 | 60.50 | 0 | 2 | 0.00 | 0.00 |
| Fine Arts - Other | 0 | 2 | 1 | 0 | 15 | 69 | 75.50 | 1 | 2 | 0.00 | 0.00 |
| Science - Biology | 0 | 1 | 0 | 0 | 10 | 66 | 66.00 | 0 | 1 | 0.00 | 0.00 |
| History - European | 0 | 1 | 0 | 0 | 10 | 76 | 76.00 | 0 | 1 | 0.00 | 0.00 |
| Literature - World/Other | 0 | 1 | 1 | 0 | 5 | 86 | 86.00 | 1 | 1 | 0.00 | 0.00 |
| History - Other | 0 | 1 | 1 | 1 | 5 | 69 | 69.00 | 0 | 1 | 0.00 | 0.00 |
| History - American | 0 | 0 | 1 | 0 | -5 | 0.00 | 0 | 0 | 0.00 | 0.00 |